000 01156nam1a22002771i 4500
001 rc\4456656
005 20240724160400.0
035 _a(NLR Aleph) 008590295
090 _a8639682
_c8639682
100 _a20130416d1963 |||y0rusy50 ca
101 0 _arus
102 _aRU
105 _a j |||||
200 1 _aИстория СССР
_eУчебник для сред. школы
_fПод ред. акад. А.М. Панкратовой
_gИн-т истории Акад. наук СССР
205 _a22-е изд.
210 _aМосква
_cУчпедгиз
_d1963
215 _d23
300 _aПеред загл. авт.: проф. К.В. Базилевич, проф. С.В. Бахрушин, акад. А.М. Панкратова, доц. А.В. Фохт
607 _aСССР
_xИстория
_jУчебники и пособия
_2psbo
701 1 _aБазилевич
_bК.В.
_gКонстантин Васильевич
701 1 _aПанкратова
_bА.М.
_gАнна Михайловна
_4340
701 1 _aБахрушин
_bС.В.
801 0 _aRU
_bNLR
_gpsbo
801 1 _aRU
_bELAR
_2rusmarc
852 _aNLR
_j63-5/3318
942 _cBOOK